[Event "IECC M email"]
[Site "IECC email"]
[Date "2000.03.01"]
[Round "?"]
[White "Christian, Donovan"]
[Black "Hayles, Andy"]
[Result "0-1"]
[WhiteElo "1000"]
[BlackElo "1200"]
[PlyCount "22"]
[EventDate "2000.??.??"]
[EventType "tourn (corr)"]
[EventRounds "2"]
[SourceTitle "Corr 2008"]
[Source "ChessBase"]
[SourceDate "2008.06.24"]
[SourceVersion "1"]
[SourceVersionDate "2008.06.24"]
[SourceQuality "1"]

1. e4 e5 2. Nf3 Nc6 3. Bc4 Bc5 4. 0-0 d6 5. Nc3 Bg4 6. d3 Nd4 7. Be3 Nxf3+ 8. Kh1 Nxh2 9. f3 Nxf1 10. Qxf1 Qh4+ 11. Kg1 Bxe3+ 0-1